| 000 | 00460nam a22001817a 4500 | ||
|---|---|---|---|
| 003 | CEME | ||
| 005 | 20210628203544.0 | ||
| 008 | 210317b xxu||||| |||| 00| 0 eng d | ||
| 020 | _a0-201-14544-8 | ||
| 040 | _c. | ||
| 082 | _a621.3813 SAN'M | ||
| 100 |
_aSander, K. F _966228 |
||
| 245 | _aMicrowave compnents and systems | ||
| 260 |
_aWOKINGHAM _bADDISON WESLEY _c1987 |
||
| 300 | _aXVIII, 388P | ||
| 650 |
_aMICROWAVE DEVICES _928228 |
||
| 942 |
_cBK _2ddc |
||
| 999 |
_c574223 _d574223 |
||